Penyembuhan penyakit kaedah bekam cara Rasulullah S.A.W

Bibliographic Details
Main Author: Syihab al-Badri Yasin
Other Authors: Hamzah Raden Anwar, Mohd Puzhi Usop, Sabariah Bakri, Al-Hasyir, Asyraf
Format: Book
Published: Kuala Lumpur : Al-Hidayah Publication , 2008
Subjects:

MARC

LEADER 00000cam a2200000 7i4500
001 0000029230
005 20100427.0
008 100427
020 |a 9830998251 
090 0 0 |a 297.122861   |b SYI 
100 1 |a Syihab al-Badri Yasin 
245 1 0 |a Penyembuhan penyakit kaedah bekam cara Rasulullah S.A.W   |c Syihab al-Badri Yasin; editor, Mohd Puzhi bin Usop 
260 |a Kuala Lumpur :   |b Al-Hidayah Publication ,   |c 2008 
650 0 |a Medicine & religious aspects   |x Islam 
650 0 |a Medicine Islamic 
700 0 |a Hamzah Raden Anwar 
700 0 |a Mohd Puzhi Usop 
700 0 |a Sabariah Bakri 
700 1 |a Al-Hasyir, Asyraf 
999 |a 0001059593   |b Book   |c Adult Collection   |e Perbadanan Perpustakaan Awam Johor 
999 |a 0001059594   |b Book   |c Adult Collection   |e Perbadanan Perpustakaan Awam Johor 
999 |a 0001059595   |b Book   |c Adult Collection   |e Perbadanan Perpustakaan Awam Johor 
999 |a 0001059596   |b Book   |c Adult Collection   |e Perbadanan Perpustakaan Awam Johor